000 00383nam a2200145Ia 4500
008 191201s2005 xx 000 0 und d
082 _a621.3845
_bGAI
100 _aGARG, Vijay K
245 0 _aIS-95 CDMA and Cdma2000 Cellular/PCS Systems Implementation
250 _a4th
260 _aN.Delhi
_bPearson Education
_c2005
300 _a422
650 _aB.Tech(CSE)
942 _2ddc
_cBK
999 _c1636
_d1636